00707cam a22002411 4500001001300000003000400013005001700017008004100034010001700075025001900092035002000111040001800131042001200149050001900161100003900180245006500219260006800284300002600352500001700378504003100395610002200426999001700448sa 66002366 DLC20260227112229.0870806s1965 ii a b 000 0 eng  asa 66002366  aPL480:I-E-5421 a(OCoLC)16396380 aDLCcWaUdDLC apremarc00aBL1227.S68bT42 aSomasundaram Pillai, J. M.,d1892-14aThe island shrine of Sri Ranganathac[by] J.M. Somasundaram. a[Tiruchirappalli,bSt. Joseph's Industrial School Press,c1965] a35 p.billus.c25 cm. aCover title. aBibliographical footnotes.20aSrirangam Temple. c68336d68336